| 000 | 00682nam a22002297a 4500 | ||
|---|---|---|---|
| 003 | OSt | ||
| 005 | 20140310181927.0 | ||
| 008 | 130720t xxu||||| |||| 00| 0 eng d | ||
| 020 | _a9780764135507 | ||
| 050 |
_aPE 1128 _b.L644 2007 |
||
| 082 |
_aTR 428.0076 _bL92 2007 |
||
| 100 |
_aLougheed, Lin _92429 |
||
| 245 |
_aTOEIC test : _bStudents' #1 choice / _cLin Lougheed. |
||
| 300 |
_a635 p. : _c28 cm. |
||
| 500 | _a3 audio cd | ||
| 521 | _aFaculty | ||
| 541 | _j1 | ||
| 562 | _e1 | ||
| 650 |
_aEnglish language _xStudy guides. _xExaminations _92430 |
||
| 650 |
_a2. Test of English for International Communication _xStudy guides. _92431 |
||
| 942 |
_2lcc _cBK-TR _kTR |
||
| 999 |
_c7219 _d7219 |
||